000 00205nam a2200085Ia 4500
008 170617s9999 xx 000 0 und d
100 _aJAIN-N.K.
245 0 _aPHARMACEUTICALPRODUCT DEVLOPMENT
260 _bN. DELHI- CBS
260 _c2011
999 _c15919
_d15919